| 000 | 00381nam a2200157Ia 4500 | ||
|---|---|---|---|
| 008 | 180207s9999 xx 000 0 und d | ||
| 020 | _a600865525 | ||
| 050 | _bM661 2012 | ||
| 245 | _aMilo the mouse : | ||
| 245 | _ba use-your words feeling book / | ||
| 260 | _aUSA : | ||
| 260 | _bClever Factory, | ||
| 260 | _c2012 | ||
| 300 | _aunpaged : | ||
| 300 | _bcolor illustration ; | ||
| 999 |
_c355025 _d355025 |
||